000 nam a22 7a 4500
999 _c9566
_d9566
008 180205b ||||| |||| 00| 0 eng d
100 _aJaisingh, S
_95717
245 _aAPC Environmental education for us - VII
260 _aNew Delhi
_bArya publication
_c2008